| 000 | 01798nam a22002537a 4500 | ||
|---|---|---|---|
| 001 | 6693 | ||
| 003 | FISKH | ||
| 005 | 20250521104101.0 | ||
| 008 | 250521b cb ||||| |||| 00| 0 eng d | ||
| 040 |
_aFISKH _bkhr _cFISKH _dFISKH |
||
| 082 | _a800 | ||
| 100 | _aChihout, Ty | ||
| 245 |
_aអត្ថបទល្ខោនយីកេ រឿងក្បូនជីវិត / _cលោក ទី ជីហួត (១៩៥២-១៩៨៧) |
||
| 250 | _aកាលបរិច្ឆទនិពន្ធ ថ្ងៃទី២៨ ខែមិនា ឆ្នាំ១៩៨៧ | ||
| 260 |
_aភ្នំពេញ : _bបាក់ទូក ថតចំលង , _c២០១៦ . |
||
| 300 |
_a150 pages : _billustrations ; _c20 cm . |
||
| 520 | _aល្ខោនយីកេរឿង «ក្បូនជីវិត» សរសេរដោយលោក ទី ជីហួត គឺជាអត្ថបទសិល្បៈសម្ដែងដែលមានតួនាទីជាការពន្យល់និងបង្រៀនអំពីអភិវឌ្ឍន៍នៃជីវិតរបស់មនុស្ស តាមរយៈការប្រឈមមុខនឹងបញ្ហានានា និងការទទួលខុសត្រូវជាមនុស្សក្នុងសង្គម។ | ||
| 520 | _aThe Yike opera titled "Kbon Cheivit" (The Pattern of Life), written by Tee Chhihout, is a performing arts piece that serves to explain and teach about the development of human life through various challenges and the responsibilities one holds as a member of society. | ||
| 650 |
_aក្បូនជីវិត _vយីកេ |
||
| 650 |
_aKjboun Chivit _vYi Ke |
||
| 700 |
_aPahen, Hay _eIllustrator |
||
| 942 |
_2ddc _cKHB _n0 |
||
| 999 |
_c6693 _d6693 |
||